| 000 | 00542nam a22001457a 4500 | ||
|---|---|---|---|
| 999 |
_c60923 _d60923 |
||
| 005 | 20231120095842.0 | ||
| 008 | 231120s1967 ru ||||| |||| 00| 0 rus d | ||
| 080 | _a94(395)+902(395) Ш-42 | ||
| 100 |
_aШелов, Д.Б. _920433 |
||
| 245 |
_aТанаис - потерянный и найденный город / _cД.Б. Шелов. |
||
| 264 |
_aМ. : _bНаука, _c1967. |
||
| 300 |
_a142 с. _b20 см. |
||
| 653 | _aტანაისი - დაკარგული და ნაპოვნი ქალაქი | ||
| 942 |
_2udc _cBK |
||